000 01290nam a2200289Ia 4500
999 _c54320
_d54320
001 21376
003 GE_BSU
005 20211103162556.0
008 181216s2013||||ge |||||||||||||| ||geo||
020 _a9789941442513
040 _cGE_BSU
041 _ageo
080 _a338.124.4 ლ-89
100 _aლუისი, მაიკლ
_912805
245 _aბუმერანგი : მოგზაურობა ახალ მესამე სამყაროში = Boomerang : travel in the third world /
_cმაიკლ ლუისი ; რედ. გ. აბაშიშვილი ; მთარგმნ. თ. მარგველაშვილი.
264 _aთბილისი :
_bრადარამი,
_c2013.
300 _a213 გვ. ;
_c20 სმ.
541 _h8 ლ.
653 _aბუმერანგი
653 _aმოგზაურობა ახალ მესამე სამყაროში
653 _aეკონომიკა
653 _a Boomerang
653 _atravel in the third world
700 _aაბაშიშვილი, გ.
_eრედაქტორი
_912806
700 _aმარგველაშვილი, თ.
_eმთარგმნელი
_912807
942 _cBK
_2udc